Resolución técnica 53, modificatoria de la resolución técnica 37 (Registro nro. 12730)

Detalles MARC
000 -LEADER
fixed length control field 00330 a2200109 4500
001 - CONTROL NUMBER
control field ART_55604
005 - DATE AND TIME OF LATEST TRANSACTION
control field 20260410161634.0
008 - FIXED-LENGTH DATA ELEMENTS--GENERAL INFORMATION
fixed length control field 260409a
100 1# - MAIN ENTRY--PERSONAL NAME
Personal name Nigro, Jorge O.
245 10 - TITLE STATEMENT
Title Resolución técnica 53, modificatoria de la resolución técnica 37
773 0# - HOST ITEM ENTRY
Title Enfoques
Related parts - N° 3 (mar. 2022)
Record control number REV416

No hay ítems disponibles.